000 00360nam a22001097a 4500
082 _a355
100 _aसक्‍सेना, गुंजन
_983916
245 _aकारगिल गर्ल
260 _a दिल्‍ली
_b प्रभात प्रकाशन
_c 2025
650 _aसैनिक विज्ञान
_966695
942 _cBK
999 _c68923
_d68923